Personnalités caricaturées dans les albums d'Astérix - Statistiques

Statistiques générales
  • Ce quiz a été pris 364 fois
  • Le résultat moyen est 5 sur 15
Statistiques - réponses
Par images Hint Réponse % Correct
(bardes bretons) Les Beatles
86%
Vénus Brigitte Bardot
80%
(superclone) Arnold Schwarzenegger
57%
(pirate) Charles Aznavour
49%
Zérozérosix Sean Connery
47%
Caius Aérobus Lino Ventura
38%
Spartakis Kirk Douglas
33%
Ponce Pénates Jean Gabin
24%
(aubergiste) Luciano Pavarotti
22%
(messager rapide) Eddy Merckx
20%
Mac Keul Johnny Hallyday
20%
Caius Saugrenus Jacques Chirac
16%
Crésus Lupus Silvio Berlusconi
11%
Monolitix Charles de Gaulle
10%
(légionnaire romain) Jean Reno
5%
Aucun quiz correspondant
Distribution des résultats
% des personnes avec chaque résultat
Percentile par nombre de réponses
Votre historique - résultats
Vous n’avez pas pris ce quiz